000 00541nam a2200205Ia 4500
001 16935
003 GE_BSU
008 181216s||||||||xx |||||||||||||| ||und||
040 _cGE_BSU
080 _a821.353.1-1
100 _aდარასელი, ვ.
245 _aრჩეული
245 _bლექსები. პიესები
260 _aთბილისი
260 _bსაბჭ. მწერალი
260 _c1956
300 _a203გვ. 21სმ
653 _aრჩეული.
942 _cBK
999 _c49998
_d49998